zpět

Detail výsledku týmu

Pivovar Podlesí, Příbram

Datum a čas kvízu

29.5 Celkem bodů Celkový počet nahraných bodů na tomto kvízu bez doplňovacích otázek.
6. Pořadí na kvízu Konečné umístění týmu na tomto kvízu.

Zaznamenané odpovědi

# Otázka Odpověď Body Výsledky
1. Na sociálních sítích se minulý... v Pardubicích 0
2. Válkou postižené Ukrajině přic... Starlink 1
3. Jak zní název nového krimináln... Šéfka 0
4. V pondělí představila společno... příchuť vesmíru 1
5. Jak se jmenuje tenista, který... Jiří Veselý 1
6. Začneme z našeho pohledu nejzn... Bylo mu 38 let. (Uznáváme 36–40 let.) 0
7. Ve Spojených státech se událo... 1B 2A 3C 4D 1
8. Fanny Kaplanová byla ruskou po... B 0
9. Jak se jmenoval jediný novodob... Alois Rašín 1
10. Poslední bod tohoto tématu roz... Bénazír Bhuttová, Pákistán 0